| 000 | 00746nam a2200229 i 4500 | ||
|---|---|---|---|
| 001 | 115063 | ||
| 003 | ES-MaACL | ||
| 005 | 20250707062601.0 | ||
| 007 | t| | ||
| 008 | 070221s1910 sp ||||1| spa d | ||
| 080 | _a821.134.2-32"18" | ||
| 100 | 1 |
_aRey Moliné, Antonio. _996532 |
|
| 245 | 1 | 0 |
_aPor el camino de las tonterias-- _b: novela / _cpor Dorio de Gádex (seud.) ; ilustraciones de Angel Vivanco. |
| 260 |
_aMadrid : _bEl Cuento Semanal, _c1910. |
||
| 300 |
_a18 p. : _bil. col. y n. ; _c26 cm. |
||
| 490 | 1 |
_aEl cuento semanal ; _v160 |
|
| 500 | _aTodas las páginas deterioradas. | ||
| 700 | 1 |
_aVivanco, Ángel. _9115537 |
|
| 830 | 0 | 3 |
_aEl cuento semanal _v160 _9185957 |
| 852 |
_aES-MaACL _jG-4445(3) |
||
| 999 |
_c115063 _d115063 |
||